अज्ञेय: (Record no. 1467543)

MARC details
000 -LEADER
fixed length control field 01029 a2200229 4500
005 - DATE AND TIME OF LATEST TRANSACTION
control field 20260202143228.0
008 - FIXED-LENGTH DATA ELEMENTS--GENERAL INFORMATION
fixed length control field 260202b |||||||| |||| 00| 0 eng d
020 ## - INTERNATIONAL STANDARD BOOK NUMBER
International Standard Book Number 9788190722100 (hbk)
037 ## - SOURCE OF ACQUISITION
Terms of availability TB
040 ## - CATALOGING SOURCE
Original cataloging agency CRL
Transcribing agency CRL
041 ## - LANGUAGE CODE
Source of code hin
Language code of text/sound track or separate title hin
084 ## - COLON CLASSIFICATION NUMBER
Classification number O152,1N11:g Q0
Assigning agency TB
100 ## - MAIN ENTRY--PERSONAL NAME
Personal name पालीवाल, कृष्णदत्त
9 (RLIN) 864009
245 ## - TITLE STATEMENT
Title अज्ञेय:
Remainder of title कवि - कर्म का संकट
260 ## - PUBLICATION, DISTRIBUTION, ETC.
Place of publication, distribution, etc. नयी दिल्ली, भारत:
Name of publisher, distributor, etc. किताबघर प्रकाशन,
Date of publication, distribution, etc. 2010.
300 ## - PHYSICAL DESCRIPTION
Extent 463पृ.
365 ## - TRADE PRICE
Price amount 565पृ.
Currency code INR
650 ## - SUBJECT ADDED ENTRY--TOPICAL TERM
Topical term or geographic name entry element हिन्दी साहित्य
9 (RLIN) 1113160
650 ## - SUBJECT ADDED ENTRY--TOPICAL TERM
Topical term or geographic name entry element हिन्दी कविता
9 (RLIN) 1113161
942 ## - ADDED ENTRY ELEMENTS (KOHA)
Koha item type Textbook
Source of classification or shelving scheme Colon Classification (CC)
Suppress in OPAC No
Classification part O152,1N11:g Q0
Holdings
Withdrawn status Lost status Source of classification or shelving scheme Damaged status Not for loan Home library Current library Date acquired Source of acquisition Cost, normal purchase price Inventory number Total Checkouts Full call number Barcode Date last seen Cost, replacement price Price effective from Koha item type
    Colon Classification (CC)     Central Library Central Library 2026-01-16 25/ ईस्टर्न बुक लिंकर्स 452.00 77 & 2026-01-14   O152,1N11:g Q0 CL1925397 2026-01-16 565.00 2026-01-16 Textbook
Copyright @ Delhi University Library System